Managing housekeeping operations / (Record no. 363758)
[ view plain ]
| 000 -LEADER | |
|---|---|
| fixed length control field | 00471nam a2200133Ia 4500 |
| 008 - FIXED-LENGTH DATA ELEMENTS--GENERAL INFORMATION | |
| fixed length control field | 200619s9999 xx 000 0 und d |
| 020 ## - INTERNATIONAL STANDARD BOOK NUMBER | |
| International Standard Book Number | 978-0-86612-336-5 |
| 100 ## - MAIN ENTRY--PERSONAL NAME | |
| Personal name | Nitschke, Aleta A. |
| 245 ## - TITLE STATEMENT | |
| Statement of responsibility, etc | Aleta A. Nitschke, William D. Frye.-- |
| Title | Managing housekeeping operations / |
| 260 ## - PUBLICATION, DISTRIBUTION, ETC. (IMPRINT) | |
| Place of publication, distribution, etc | Lansing, Mich. : |
| Name of publisher, distributor, etc | American Hotel & Lodging Educational Institute |
| Date of publication, distribution, etc | 2008 |
| 300 ## - PHYSICAL DESCRIPTION | |
| Extent | xiii, 602 pages |
| 500 ## - GENERAL NOTE | |
| General note | Includes index. |
| 650 ## - SUBJECT ADDED ENTRY--TOPICAL TERM | |
| Topical term or geographic name as entry element | Hotel housekeeping -- Management. |
| Withdrawn status | Lost status | Source of classification or shelving scheme | Damaged status | Home library | Current library | Shelving location | Date acquired | Source of acquisition | Total Checkouts | Full call number | Barcode | Date last seen | Price effective from | Koha item type |
|---|---|---|---|---|---|---|---|---|---|---|---|---|---|---|
| Library of Congress Classification | Southville International School Affiliated with Foreign Universities Library | Southville International School Affiliated with Foreign Universities Library | Southville Foreign University Section | 06/19/2020 | Donation | TX 928 .N732 2008 | SFU0732 | 06/19/2020 | 06/19/2020 | Books |